[Event "European Blitz-ch 2018"]
[Site "Skopje"]
[Date "2018.12.06"]
[Round "3"]
[White "Esipenko, Andrey"]
[Black "Danov, Lyubomir"]
[Result "1-0"]
[WhiteElo "2593"]
[BlackElo "2353"]
[Annotator "TA"]
[PlyCount "77"]
[EventDate "2018.12.06"]
[EventType "swiss"]
[EventCountry "MKD"]
[SourceTitle "playchess.com"]
[Source "ChessBase"]
[SourceQuality "1"]

1. d4 g6 2. Nf3 Bg7 3. g3 c5 4. c3 Qa5 5. Bg2 cxd4 6. Nxd4 Nc6 7. O-O h5 8. h3 Nf6 9. e4 O-O 10. Be3 d6 11. Nd2 Bd7 12. N2b3 Qc7 13. f4 Rac8 14. Qe2 a6 15. f5 Ne5 16. Nd2 b5 17. Rac1 Qb8 18. Kh1 a5 19. Bg5 Qb6 20. N2f3 b4 21. c4 Rc5 22. b3 Qb7 23. Rce1 Re8 24. Nxe5 dxe5 25. Nf3 Rcc8 26. Nxe5 a4 27. fxg6 fxg6 28. Nxg6 Bc6 29. Nf4 axb3 30. axb3 Rcd8 31. Nd5 Rf8 32. Bxf6 exf6 33. Qxh5 Qf7 34. Qf3 Bxd5 35. exd5 Rfe8 36. c5 Rxe1 37. Rxe1 Qc7 38. Qf2 Ra8 39. d6 1-0

[Event "European Blitz-ch 2018"]
[Site "Skopje"]
[Date "2018.12.06"]
[Round "3"]
[White "Stevic, Hrvoje"]
[Black "Bruned, Yvain"]
[Result "1-0"]
[WhiteElo "2587"]
[BlackElo "2286"]
[Annotator "TA"]
[PlyCount "51"]
[EventDate "2018.12.06"]
[EventType "swiss"]
[EventCountry "MKD"]
[SourceTitle "playchess.com"]
[Source "ChessBase"]
[SourceQuality "1"]

1. e4 c5 2. c3 d5 3. exd5 Qxd5 4. d4 Nf6 5. Nf3 Bg4 6. dxc5 Qxc5 7. Be3 Qc8 8. Na3 a6 9. h3 Bh5 10. Nc4 Nbd7 11. g4 Bg6 12. g5 Ne4 13. Nfe5 Nxe5 14. Nxe5 Nd6 15. Bg2 f6 16. Nxg6 hxg6 17. Qd3 Nf5 18. O-O-O Kf7 19. h4 e6 20. h5 gxh5 21. Bf3 g6 22. gxf6 Kxf6 23. Rhg1 Be7 24. Bd4+ Nxd4 25. Qxg6+ Ke5 26. Rxd4 1-0

[Event "European Blitz-ch 2018"]
[Site "Skopje"]
[Date "2018.12.06"]
[Round "3"]
[White "Djukic, Nikola"]
[Black "Nikcevic, Nebojsa"]
[Result "1-0"]
[WhiteElo "2574"]
[BlackElo "2434"]
[Annotator "TA"]
[PlyCount "71"]
[EventDate "2018.12.06"]
[EventType "swiss"]
[EventCountry "MKD"]
[SourceTitle "playchess.com"]
[Source "ChessBase"]
[SourceQuality "1"]

1. Nf3 Nf6 2. g3 d5 3. Bg2 c5 4. O-O Nc6 5. d4 e6 6. c4 Be7 7. cxd5 Nxd5 8. Nc3 O-O 9. Nxd5 exd5 10. dxc5 Bxc5 11. a3 Bg4 12. b4 Bb6 13. Bb2 Re8 14. h3 Bh5 15. e3 Qd6 16. Qb3 Rad8 17. Rad1 a6 18. Rd2 f6 19. Nd4 Ne5 20. Nf5 Qd7 21. Bxe5 Rxe5 22. Nd4 Kh8 23. Rc1 Ree8 24. g4 Bf7 25. Qd3 Rc8 26. Rcd1 Rc4 27. Nf5 g6 28. Qxc4 gxf5 29. Bxd5 Bxd5 30. Rxd5 Qf7 31. gxf5 Rg8+ 32. Kh2 Qh5 33. Rg1 Rxg1 34. Kxg1 Kg7 35. Qc8 Qg5+ 36. Kf1 1-0

[Event "European Blitz-ch 2018"]
[Site "Skopje"]
[Date "2018.12.06"]
[Round "3"]
[White "Brkic, Ante"]
[Black "Musovic, Armin"]
[Result "1-0"]
[WhiteElo "2563"]
[BlackElo "2301"]
[Annotator "TA"]
[PlyCount "105"]
[EventDate "2018.12.06"]
[EventType "swiss"]
[EventCountry "MKD"]
[SourceTitle "playchess.com"]
[Source "ChessBase"]
[SourceQuality "1"]

1. e4 c6 2. d4 d5 3. exd5 cxd5 4. Bd3 Nc6 5. c3 Nf6 6. Bf4 g6 7. Nf3 Nh5 8. Bg5 Qb6 9. Qb3 Qxb3 10. axb3 Bg7 11. b4 O-O 12. b5 Nd8 13. O-O f6 14. Be3 Bh8 15. Nbd2 Nf7 16. Ra3 e5 17. dxe5 fxe5 18. Be2 Bg4 19. h3 Bd7 20. Rfa1 Nd6 21. Rxa7 Rab8 22. Bc5 Bxb5 23. Bxd6 Bxe2 24. Bxb8 Rxb8 25. Ra8 Rxa8 26. Rxa8+ Kg7 27. Nxe5 Nf4 28. Nf7 Kxf7 29. Rxh8 Kg7 30. Rb8 Ba6 31. Nb3 Nd3 32. Na5 Nxb2 33. Nxb7 Nd1 34. Nc5 Bc4 35. Na4 h5 36. Nb2 Nxc3 37. Nxc4 dxc4 38. Rc8 Nd5 39. Rxc4 Kf6 40. h4 Kf7 41. g3 Kg7 42. Kg2 Nf6 43. Rc7+ Kh6 44. Kf3 Ng4 45. Rc5 Kg7 46. Rc2 Kf6 47. Kf4 Ne5 48. f3 Nd3+ 49. Ke4 Nb4 50. Rc4 Na2 51. Kd3 Ke5 52. Kc2 Kd5 53. Ra4 1-0

[Event "European Blitz-ch 2018"]
[Site "Skopje"]
[Date "2018.12.06"]
[Round "3"]
[White "Jankovic, Alojzije"]
[Black "Pogan, Nikolas"]
[Result "1/2-1/2"]
[WhiteElo "2557"]
[BlackElo "2228"]
[Annotator "TA"]
[PlyCount "65"]
[EventDate "2018.12.06"]
[EventType "swiss"]
[EventCountry "MKD"]
[SourceTitle "playchess.com"]
[Source "ChessBase"]
[SourceQuality "1"]

1. d4 Nf6 2. Nf3 g6 3. c4 Bg7 4. Nc3 O-O 5. e4 d6 6. Be2 Bg4 7. Be3 Nfd7 8. d5 e5 9. Nd2 Bxe2 10. Qxe2 a5 11. O-O Na6 12. a3 f5 13. f3 Bf6 14. Kh1 Bg5 15. Bg1 Bxd2 16. Qxd2 Nac5 17. Qc2 a4 18. Nb5 f4 19. g4 Kg7 20. Kg2 Rh8 21. Bf2 Nb3 22. Rad1 h5 23. h3 h4 24. Rd3 Nbc5 25. Rc3 g5 26. Qe2 b6 27. Rc2 Qc8 28. Be1 Kf7 29. Bb4 Qb7 30. Rc3 Ra6 31. Qc2 Rha8 32. Rb1 Kf6 33. Qd2 1/2-1/2

[Event "European Blitz-ch 2018"]
[Site "Skopje"]
[Date "2018.12.06"]
[Round "3"]
[White "Delchev, Aleksander"]
[Black "Putka, Verners"]
[Result "1/2-1/2"]
[WhiteElo "2552"]
[BlackElo "2307"]
[Annotator "TA"]
[PlyCount "51"]
[EventDate "2018.12.06"]
[EventType "swiss"]
[EventCountry "MKD"]
[SourceTitle "playchess.com"]
[Source "ChessBase"]
[SourceQuality "1"]

1. e4 e5 2. Bc4 Nf6 3. d3 c6 4. Nf3 d5 5. Bb3 Bd6 6. exd5 cxd5 7. Bg5 Be6 8. Nc3 Bc7 9. d4 e4 10. Nd2 h6 11. Bh4 g5 12. Bg3 e3 13. fxe3 Bxg3+ 14. hxg3 Qc7 15. Qf3 Nbd7 16. e4 O-O-O 17. e5 Bg4 18. Qf2 Nxe5 19. Qxf6 Nd3+ 20. cxd3 Qxg3+ 21. Qf2 Qxd3 22. Nde4 dxe4 23. Qd2 Qg3+ 24. Qf2 Qd3 25. Qd2 Qg3+ 26. Qf2 1/2-1/2

[Event "European Blitz-ch 2018"]
[Site "Skopje"]
[Date "2018.12.06"]
[Round "3"]
[White "Potapov, Pavel"]
[Black "Saveliev, Alexei"]
[Result "1-0"]
[WhiteElo "2516"]
[BlackElo "2360"]
[Annotator "TA"]
[PlyCount "59"]
[EventDate "2018.12.06"]
[EventType "swiss"]
[EventCountry "MKD"]
[SourceTitle "playchess.com"]
[Source "ChessBase"]
[SourceQuality "1"]

1. e4 c5 2. c3 e5 3. Nf3 Nc6 4. Bc4 Be7 5. O-O Nf6 6. d4 d6 7. d5 Nb8 8. Re1 O-O 9. a4 Ne8 10. Na3 g6 11. Bh6 Ng7 12. b4 cxb4 13. cxb4 Nd7 14. Bb3 Nf6 15. h3 Nfh5 16. Nc4 Bd7 17. Rc1 f5 18. Ncxe5 dxe5 19. d6+ Kh8 20. dxe7 Qxe7 21. exf5 Bxf5 22. Nxe5 Qf6 23. Rc7 Rad8 24. Qc1 Bxh3 25. Nf7+ Rxf7 26. Rxf7 Qh4 27. gxh3 Qxh3 28. Qe3 Qg4+ 29. Kf1 Nf5 30. Qe8+ 1-0

[Event "European Blitz-ch 2018"]
[Site "Skopje"]
[Date "2018.12.06"]
[Round "3"]
[White "Nenezic, Marko"]
[Black "Nazaretyan, Tigran"]
[Result "0-1"]
[WhiteElo "2515"]
[BlackElo "2250"]
[Annotator "TA"]
[PlyCount "80"]
[EventDate "2018.12.06"]
[EventType "swiss"]
[EventCountry "MKD"]
[SourceTitle "playchess.com"]
[Source "ChessBase"]
[SourceQuality "1"]

1. Nf3 Nf6 2. g3 b6 3. Bg2 Bb7 4. O-O e6 5. c4 Be7 6. Nc3 O-O 7. Re1 d5 8. cxd5 exd5 9. d4 Nbd7 10. Bf4 Nh5 11. Bd2 Nhf6 12. Rc1 Ne4 13. Bf4 Bb4 14. Bxc7 Qxc7 15. Nxe4 Qb8 16. Nc3 a6 17. Qb3 Qd6 18. a3 Ba5 19. Qc2 Rac8 20. b4 Bxb4 21. axb4 Qxb4 22. Qb1 Qa5 23. Bh3 Rxc3 24. Rxc3 Qxc3 25. Bxd7 b5 26. Rc1 Qa5 27. Bc6 Bxc6 28. Rxc6 b4 29. Qd3 Qa1+ 30. Kg2 a5 31. Qb5 Qa2 32. Ra6 Qc4 33. Rxa5 b3 34. Qxd5 Qxe2 35. Qxb3 h6 36. Rb5 g5 37. h3 Qe4 38. Rb8 h5 39. Rxf8+ Kxf8 40. Qxf7+ Kxf7 0-1

[Event "European Blitz-ch 2018"]
[Site "Skopje"]
[Date "2018.12.06"]
[Round "3"]
[White "Loginov, Valery A"]
[Black "Ivanisevic, Ivan"]
[Result "0-1"]
[WhiteElo "2478"]
[BlackElo "2603"]
[Annotator "TA"]
[PlyCount "44"]
[EventDate "2018.12.06"]
[EventType "swiss"]
[EventCountry "MKD"]
[SourceTitle "playchess.com"]
[Source "ChessBase"]
[SourceQuality "1"]

1. Nf3 c5 2. g3 Nc6 3. d4 cxd4 4. Nxd4 Nf6 5. Bg2 e5 6. Nxc6 bxc6 7. O-O d5 8. c4 h6 9. Nc3 Be6 10. Qa4 Bd7 11. Rd1 Be7 12. Qa6 d4 13. Ne4 O-O 14. Nxf6+ Bxf6 15. Bxc6 Bxc6 16. Qxc6 Rc8 17. Qa6 e4 18. Bf4 Re8 19. Rac1 Qd7 20. c5 Qg4 21. c6 h5 22. c7 h4 0-1

[Event "European Blitz-ch 2018"]
[Site "Skopje"]
[Date "2018.12.06"]
[Round "3"]
[White "Kevlishvili, Robby"]
[Black "Uruci, Endrit"]
[Result "1-0"]
[WhiteElo "2451"]
[BlackElo "2190"]
[Annotator "TA"]
[PlyCount "93"]
[EventDate "2018.12.06"]
[EventType "swiss"]
[EventCountry "MKD"]
[SourceTitle "playchess.com"]
[Source "ChessBase"]
[SourceQuality "1"]

1. e4 e5 2. Nf3 Nf6 3. Nxe5 d6 4. Nf3 Nxe4 5. d3 Nf6 6. d4 d5 7. Bd3 Bd6 8. Qe2+ Qe7 9. Qxe7+ Bxe7 10. Bf4 c6 11. O-O Nh5 12. Bd2 Be6 13. Ne5 Nd7 14. f4 f6 15. f5 fxe5 16. fxe6 Nf8 17. dxe5 g6 18. Nc3 Nxe6 19. Be2 Nhg7 20. Bg4 h5 21. Be2 Bc5+ 22. Kh1 Bd4 23. Bd3 g5 24. Bg6+ Kd8 25. Rae1 Rf8 26. Rxf8+ Nxf8 27. Bxg5+ Kc7 28. Bd3 Re8 29. Bf6 Nge6 30. Ne2 Bxb2 31. Rb1 Ba3 32. g3 Nd7 33. Bg6 Nxf6 34. exf6 Rf8 35. f7 Nd8 36. Rf1 Kd7 37. Bxh5 Bd6 38. Nd4 c5 39. Nf5 Be5 40. Nh4 Kd6 41. g4 d4 42. g5 c4 43. g6 Ne6 44. Nf5+ Kd5 45. Bf3+ Kc5 46. Re1 Ng5 47. Rxe5+ 1-0

[Event "European Blitz-ch 2018"]
[Site "Skopje"]
[Date "2018.12.06"]
[Round "3"]
[White "Blohberger, Felix"]
[Black "Blagojevic, Dragisa"]
[Result "1/2-1/2"]
[WhiteElo "2447"]
[BlackElo "2497"]
[Annotator "TA"]
[PlyCount "112"]
[EventDate "2018.12.06"]
[EventType "swiss"]
[EventCountry "MKD"]
[SourceTitle "playchess.com"]
[Source "ChessBase"]
[SourceQuality "1"]

1. d4 d5 2. Bf4 c5 3. e3 Nc6 4. Nf3 Nf6 5. Nbd2 Nh5 6. dxc5 Nxf4 7. exf4 e6 8. Nb3 Bxc5 9. Nxc5 Qa5+ 10. c3 Qxc5 11. Bd3 g6 12. g3 Bd7 13. Qe2 d4 14. Rc1 O-O 15. O-O dxc3 16. Rxc3 Qa5 17. a3 Rfd8 18. b4 Qb6 19. Be4 Be8 20. h4 a5 21. bxa5 Rxa5 22. Rb1 Qa7 23. Rcb3 Rxa3 24. Rxb7 Nd4 25. Nxd4 Qxd4 26. Kg2 Ra4 27. Bf3 Ra3 28. Rb8 Rd3 29. Rxd8 Qxd8 30. Rd1 Rxd1 31. Qxd1 Qc7 32. Qe2 Qc5 33. Qe5 Qe7 34. Qb8 Kg7 35. Qb2+ f6 36. Qb6 Bf7 37. Qd4 h5 38. Kg1 Qa3 39. Kg2 Qa5 40. Qd7 Qc5 41. Qb7 e5 42. fxe5 Qxe5 43. Qd7 Kf8 44. Qc8+ Kg7 45. Qb7 Qf5 46. Be4 Qe6 47. Qc6 g5 48. Qxe6 Bxe6 49. Bf3 Kg6 50. hxg5 fxg5 51. Be4+ Bf5 52. Bd5 Kf6 53. f3 Bg6 54. Bc6 Ke5 55. Kf2 Kd4 56. Bb7 Ke5 1/2-1/2

[Event "European Blitz-ch 2018"]
[Site "Skopje"]
[Date "2018.12.06"]
[Round "3"]
[White "Kourkoulos-Arditis, Stamatis"]
[Black "Saric, Ante"]
[Result "1/2-1/2"]
[WhiteElo "2424"]
[BlackElo "2533"]
[Annotator "TA"]
[PlyCount "86"]
[EventDate "2018.12.06"]
[EventType "swiss"]
[EventCountry "MKD"]
[SourceTitle "playchess.com"]
[Source "ChessBase"]
[SourceQuality "1"]

1. d4 Nf6 2. c4 e6 3. g3 Bb4+ 4. Bd2 Be7 5. Bg2 d5 6. Nf3 c6 7. O-O Nbd7 8. Bc3 b6 9. Nbd2 Bb7 10. Qc2 O-O 11. e4 c5 12. e5 Ne4 13. Nxe4 dxe4 14. Nd2 Qc7 15. Bxe4 cxd4 16. Bxd4 Bxe4 17. Qxe4 Rfd8 18. Rac1 Rac8 19. Nf3 g6 20. b3 a6 21. Rfd1 Ba3 22. Rc2 b5 23. Qh4 Bf8 24. Rdc1 Qb7 25. Ng5 h6 26. Ne4 bxc4 27. Rxc4 Rxc4 28. Rxc4 Rc8 29. Nd2 Rxc4 30. Nxc4 Qd5 31. Qf4 Bg7 32. Nd6 f5 33. Nc4 g5 34. Qe3 g4 35. Kf1 h5 36. Ke2 Qh1 37. Qg5 Nf8 38. Nd6 Qd5 39. Be3 Qf3+ 40. Ke1 Qh1+ 41. Ke2 Qf3+ 42. Ke1 Qh1+ 43. Ke2 Qf3+ 1/2-1/2

[Event "European Blitz-ch 2018"]
[Site "Skopje"]
[Date "2018.12.06"]
[Round "3"]
[White "Marjanovic, Dejan"]
[Black "Anton Guijarro, David"]
[Result "0-1"]
[WhiteElo "2400"]
[BlackElo "2642"]
[Annotator "TA"]
[PlyCount "80"]
[EventDate "2018.12.06"]
[EventType "swiss"]
[EventCountry "MKD"]
[SourceTitle "playchess.com"]
[Source "ChessBase"]
[SourceQuality "1"]

1. d4 Nf6 2. Nf3 e6 3. Bf4 c5 4. e3 Nc6 5. Nbd2 d5 6. c3 Be7 7. h3 O-O 8. Bd3 c4 9. Bc2 b5 10. O-O b4 11. cxb4 Nxb4 12. Bb1 Ba6 13. Re1 Qb6 14. Ne5 Nc6 15. Bg5 Qc7 16. Nxc6 Qxc6 17. Qc2 g6 18. e4 Rfe8 19. e5 Nd7 20. Bxe7 Rxe7 21. Nf3 Rb8 22. Qd2 Qb6 23. Qg5 Ree8 24. Bc2 Qd8 25. Qc1 Kg7 26. Ba4 Bb5 27. Bc2 Qb6 28. Rb1 Qa5 29. a3 Ba4 30. Bxa4 Qxa4 31. Nh2 h6 32. Ng4 Rh8 33. Re3 Rb3 34. Rxb3 Qxb3 35. Qd2 h5 36. Nh2 Rb8 37. Rc1 Qxb2 38. Qf4 c3 39. Nf3 c2 40. Ng5 Qxc1+ 0-1

[Event "European Blitz-ch 2018"]
[Site "Skopje"]
[Date "2018.12.06"]
[Round "3"]
[White "Pershin, Denis"]
[Black "Perunovic, Milos"]
[Result "0-1"]
[WhiteElo "2400"]
[BlackElo "2597"]
[Annotator "TA"]
[PlyCount "136"]
[EventDate "2018.12.06"]
[EventType "swiss"]
[EventCountry "MKD"]
[SourceTitle "playchess.com"]
[Source "ChessBase"]
[SourceQuality "1"]

1. e4 c5 2. Nf3 e6 3. d4 cxd4 4. Nxd4 Nc6 5. Nc3 Qc7 6. Be3 a6 7. Be2 b5 8. O-O Bb7 9. Re1 Nf6 10. a3 Nxd4 11. Qxd4 Bd6 12. f4 e5 13. Qd3 exf4 14. Bd4 Be5 15. Rad1 O-O 16. Bf3 Rfe8 17. Bxe5 Rxe5 18. Qd6 Rc8 19. Qxc7 Rxc7 20. Rd6 Kf8 21. Kf2 Ke7 22. Rd4 g5 23. h3 h5 24. Rd2 d6 25. g3 fxg3+ 26. Kxg3 a5 27. Rde2 b4 28. axb4 axb4 29. Nd1 Ba6 30. Rd2 g4 31. hxg4 hxg4 32. Bg2 Rc8 33. Ne3 Ke6 34. Nf5 Rd8 35. Ra1 Bb7 36. Ra7 Nxe4+ 37. Bxe4 Bxe4 38. Nd4+ Kf6 39. Rf2+ Bf5 40. Nc6 Rde8 41. Nxe5 Rxe5 42. Rf4 b3 43. cxb3 Ke6 44. Raa4 Re3+ 45. Kg2 Rxb3 46. Rf2 d5 47. Ra6+ Ke5 48. Rh6 Be4+ 49. Kg1 f5 50. Rh8 g3 51. Rd2 Kf4 52. Re2 Rd3 53. Re1 Rd2 54. Rh4+ Kg5 55. Rh3 Kg4 56. Rh8 Rg2+ 57. Kf1 Rxb2 58. Rg8+ Kf3 59. Kg1 f4 60. Rf1+ Ke3 61. Re1+ Re2 62. Rxe2+ Kxe2 63. Rg4 Ke3 64. Rg8 d4 65. Kf1 d3 66. Rd8 d2 67. Kg1 f3 68. Kf1 Bd3+ 0-1

[Event "European Blitz-ch 2018"]
[Site "Skopje"]
[Date "2018.12.06"]
[Round "3"]
[White "Degtiarev, Evgeny"]
[Black "Ragger, Markus"]
[Result "0-1"]
[WhiteElo "2392"]
[BlackElo "2687"]
[Annotator "TA"]
[PlyCount "64"]
[EventDate "2018.12.06"]
[EventType "swiss"]
[EventCountry "MKD"]
[SourceTitle "playchess.com"]
[Source "ChessBase"]
[SourceQuality "1"]

1. d4 Nf6 2. c4 g6 3. Nc3 d5 4. cxd5 Nxd5 5. e4 Nxc3 6. bxc3 Bg7 7. Bc4 c5 8. Ne2 Nc6 9. Be3 O-O 10. O-O b6 11. Qd2 Bb7 12. Rac1 Rc8 13. Rfd1 cxd4 14. cxd4 e6 15. d5 Na5 16. Bb5 exd5 17. exd5 Rxc1 18. Nxc1 a6 19. Bf1 b5 20. Nb3 Nc4 21. Bxc4 bxc4 22. Nc5 Ba8 23. Nxa6 c3 24. Qc2 Qa5 25. Nc5 Rd8 26. d6 Bf8 27. Ne4 Qf5 28. f3 Bxd6 29. Kh1 Qe5 30. f4 Qxe4 31. Qxe4 Bxe4 32. Bc5 c2 0-1

[Event "European Blitz-ch 2018"]
[Site "Skopje"]
[Date "2018.12.06"]
[Round "3"]
[White "Kashtanov, Ruslan"]
[Black "Milanovic, Danilo"]
[Result "0-1"]
[WhiteElo "2376"]
[BlackElo "2494"]
[Annotator "TA"]
[PlyCount "59"]
[EventDate "2018.12.06"]
[EventType "swiss"]
[EventCountry "MKD"]
[SourceTitle "playchess.com"]
[Source "ChessBase"]
[SourceQuality "1"]

1. d4 Nf6 2. c4 c5 3. d5 b5 4. cxb5 a6 5. bxa6 g6 6. Nc3 Bxa6 7. e4 Bxf1 8. Kxf1 d6 9. Nf3 Nbd7 10. g3 Bg7 11. Kg2 O-O 12. a4 Ra6 13. Qc2 Qa8 14. Re1 Rb8 15. Ra3 Rb4 16. Nb5 Raxa4 17. Nc7 Qa7 18. Nb5 Qa6 19. Nc3 Rxa3 20. bxa3 Rb8 21. a4 Ng4 22. Nb5 Ra8 23. h3 Nge5 24. Nxe5 Bxe5 25. Nc3 Nb6 26. Bd2 Qc4 27. Rb1 Nxa4 28. Ra1 Bxc3 29. Bxc3 Ra6 30. Qd2 0-1

[Event "European Blitz-ch 2018"]
[Site "Skopje"]
[Date "2018.12.06"]
[Round "3"]
[White "Petkidis, Anthony"]
[Black "Artemiev, Vladislav"]
[Result "0-1"]
[WhiteElo "2375"]
[BlackElo "2709"]
[Annotator "TA"]
[PlyCount "64"]
[EventDate "2018.12.06"]
[EventType "swiss"]
[EventCountry "MKD"]

1. e4 c6 2. d4 d5 3. e5 Bf5 4. Nd2 e6 5. Nb3 Nd7 6. Nf3 Ne7 7. Be2 Nc8 8. O-O Be7 9. a4 O-O 10. a5 a6 11. c4 dxc4 12. Bxc4 Na7 13. Qe2 Nb5 14. Rd1 Nc7 15. Nfd2 b5 16. axb6 Nxb6 17. Bxa6 Nxa6 18. Rxa6 Qc7 19. Nc5 Rxa6 20. Nxa6 Qa7 21. Nc5 Nd5 22. Nde4 Rb8 23. Bg5 Bxc5 24. Nxc5 Qa2 25. Qf3 Qxb2 26. h3 h6 27. Be3 Ra8 28. Qg3 Ra3 29. Kh2 Qe2 30. Rc1 Nxe3 31. fxe3 Rxe3 32. Qh4 Rxh3+ 0-1

[Event "European Blitz-ch 2018"]
[Site "Skopje"]
[Date "2018.12.06"]
[Round "3"]
[White "Timerkhanov, Alexander"]
[Black "Lagarde, Maxime"]
[Result "0-1"]
[WhiteElo "2366"]
[BlackElo "2616"]
[Annotator "TA"]
[PlyCount "59"]
[EventDate "2018.12.06"]
[EventType "swiss"]
[EventCountry "MKD"]
[SourceTitle "playchess.com"]
[Source "ChessBase"]
[SourceQuality "1"]

1. d4 Nf6 2. Bg5 Ne4 3. Bf4 c5 4. f3 Qa5+ 5. c3 Nf6 6. d5 g6 7. e4 Bg7 8. Na3 d6 9. Nc4 Qd8 10. a4 O-O 11. Qd2 Na6 12. Bh6 e5 13. Bd3 Nxe4 14. Bxe4 Qh4+ 15. g3 Qxh6 16. Qxh6 Bxh6 17. Nxd6 c4 18. Nxc4 Nc5 19. Bc2 b6 20. b4 Ba6 21. b5 Bb7 22. Rd1 Rad8 23. d6 e4 24. Kf2 Rfe8 25. fxe4 Nxe4+ 26. Bxe4 Rxe4 27. Nd2 Be3+ 28. Kf1 Bxd2 29. Rxd2 Rxa4 30. Ke1 0-1

[Event "European Blitz-ch 2018"]
[Site "Skopje"]
[Date "2018.12.06"]
[Round "3"]
[White "Novoselski, Zoran"]
[Black "Guseinov, Gadir"]
[Result "0-1"]
[WhiteElo "2339"]
[BlackElo "2664"]
[Annotator "TA"]
[PlyCount "60"]
[EventDate "2018.12.06"]
[EventType "swiss"]
[EventCountry "MKD"]
[SourceTitle "playchess.com"]
[Source "ChessBase"]
[SourceQuality "1"]

1. e4 c5 2. Nf3 g6 3. d4 cxd4 4. Qxd4 Nf6 5. Bb5 a6 6. Qa4 Bg7 7. Nc3 O-O 8. e5 Ne8 9. O-O Nc6 10. Bxc6 bxc6 11. Qh4 f6 12. Bh6 Rb8 13. b3 d5 14. exd6 Nxd6 15. Bxg7 Kxg7 16. Rfe1 Nf5 17. Qc4 e5 18. Ne4 Qd5 19. Qc5 Qxc5 20. Nxc5 Rb5 21. Na4 g5 22. c4 Rb7 23. h3 h5 24. Nc5 Re7 25. Rad1 g4 26. hxg4 hxg4 27. Nd2 Kg6 28. Nde4 Rh8 29. Ng3 Reh7 30. Re4 Nxg3 0-1

[Event "European Blitz-ch 2018"]
[Site "Skopje"]
[Date "2018.12.06"]
[Round "3"]
[White "Dimitrov, Pavel"]
[Black "Erdos, Viktor"]
[Result "0-1"]
[WhiteElo "2331"]
[BlackElo "2605"]
[Annotator "TA"]
[PlyCount "50"]
[EventDate "2018.12.06"]
[EventType "swiss"]
[EventCountry "MKD"]
[SourceTitle "playchess.com"]
[Source "ChessBase"]
[SourceQuality "1"]

1. e4 e5 2. d4 exd4 3. c3 d5 4. e5 dxc3 5. Nxc3 Bb4 6. Nf3 Ne7 7. a3 Bxc3+ 8. bxc3 Nbc6 9. Bd3 Bf5 10. O-O Qd7 11. Qc2 O-O 12. Re1 Bxd3 13. Qxd3 Qf5 14. Qe3 Ng6 15. h3 Rfe8 16. Qg5 Qxg5 17. Bxg5 Ngxe5 18. Nxe5 Nxe5 19. Red1 c6 20. Rab1 b5 21. Be3 Nc4 22. Bc5 a5 23. Rd3 f6 24. Rg3 Kf7 25. h4 h5 0-1

[Event "European Blitz-ch 2018"]
[Site "Skopje"]
[Date "2018.12.06"]
[Round "3"]
[White "Danov, Radi"]
[Black "Pancevski, Filip"]
[Result "0-1"]
[WhiteElo "2324"]
[BlackElo "2495"]
[Annotator "TA"]
[PlyCount "116"]
[EventDate "2018.12.06"]
[EventType "swiss"]
[EventCountry "MKD"]
[SourceTitle "playchess.com"]
[Source "ChessBase"]
[SourceQuality "1"]

1. d4 g6 2. e4 Bg7 3. Nf3 d6 4. Nc3 Nf6 5. Be2 O-O 6. O-O a6 7. a4 Nc6 8. d5 Nb8 9. Be3 c6 10. h3 cxd5 11. exd5 Nbd7 12. a5 Nc5 13. Bd4 Bf5 14. Re1 Rc8 15. Nh4 Bd7 16. Nf3 Nce4 17. Nxe4 Nxe4 18. Bxg7 Kxg7 19. Qd4+ Nf6 20. c4 Re8 21. b4 Bf5 22. g4 Bxg4 23. hxg4 h6 24. Rad1 Qd7 25. Nd2 Qa4 26. Qb2 e6 27. dxe6 Rxe6 28. Bf3 Rce8 29. Rxe6 Rxe6 30. Rc1 Kh7 31. Kf1 Qe8 32. Qd4 Qe7 33. Kg2 Re5 34. Rc3 Rg5 35. Re3 Qd8 36. Ne4 Nxe4 37. Rxe4 h5 38. c5 f5 39. Re6 hxg4 40. Be2 d5 41. Qe5 Rh5 42. Re7+ Kh6 43. Qe3+ Rg5 44. Qe5 Rh5 45. Qg7+ Kg5 46. Rd7 Qb8 47. Qe7+ Kh6 48. Qg7+ Kg5 49. Qe7+ Kh6 50. Rd6 d4 51. Qf7 Rg5 52. Rxd4 Qe5 53. Qf8+ Kh5 54. Qd8 f4 55. Bd3 f3+ 56. Kf1 g3 57. Be4 g2+ 58. Kg1 Qh2+ 0-1

[Event "European Blitz-ch 2018"]
[Site "Skopje"]
[Date "2018.12.06"]
[Round "3"]
[White "Papakonstantinou, Dimitrios"]
[Black "Fridman, Daniel"]
[Result "0-1"]
[WhiteElo "2308"]
[BlackElo "2633"]
[Annotator "TA"]
[PlyCount "70"]
[EventDate "2018.12.06"]
[EventType "swiss"]
[EventCountry "MKD"]
[SourceTitle "playchess.com"]
[Source "ChessBase"]
[SourceQuality "1"]

1. e4 c6 2. Nc3 d5 3. d4 dxe4 4. Nxe4 Nf6 5. Nxf6+ exf6 6. c3 Bd6 7. Bd3 O-O 8. Ne2 Re8 9. Qc2 h5 10. Be3 Nd7 11. O-O-O Nf8 12. Ng3 g6 13. Rhe1 Be6 14. Kb1 f5 15. Bc1 Bd5 16. f3 Rxe1 17. Rxe1 Qh4 18. Qf2 b5 19. Qf1 Qxh2 20. Ne2 Qh4 21. Qg1 Re8 22. g3 Qe7 23. Qf2 Qe6 24. a3 Bc4 25. Bxc4 Qxc4 26. Nf4 Rxe1 27. Qxe1 Bxf4 28. Bxf4 Qd3+ 29. Ka1 Ne6 30. Qe5 Qf1+ 31. Ka2 Qxf3 32. Ka1 Qh1+ 33. Ka2 Qd5+ 34. Qxd5 cxd5 35. Kb3 Nxf4 0-1

[Event "European Blitz-ch 2018"]
[Site "Skopje"]
[Date "2018.12.06"]
[Round "3"]
[White "Bartel, Michal"]
[Black "Ruck, Robert"]
[Result "1-0"]
[WhiteElo "2306"]
[BlackElo "2512"]
[Annotator "TA"]
[PlyCount "99"]
[EventDate "2018.12.06"]
[EventType "swiss"]
[EventCountry "MKD"]
[SourceTitle "playchess.com"]
[Source "ChessBase"]
[SourceQuality "1"]

1. e4 c6 2. d4 d5 3. e5 Bf5 4. Nd2 e6 5. Nb3 Nd7 6. Be3 Ne7 7. Be2 Bg6 8. f4 Nf5 9. Bf2 h5 10. Nf3 Be7 11. O-O Rc8 12. Rc1 h4 13. Nfd2 Bh7 14. c4 dxc4 15. Nxc4 Nb6 16. Nxb6 axb6 17. a3 O-O 18. Bd3 Re8 19. Qf3 Nh6 20. Bxh7+ Kxh7 21. g4 hxg3 22. hxg3 Qd5 23. Qxd5 cxd5 24. Kg2 g5 25. Be3 Nf5 26. Bd2 gxf4 27. Rh1+ Kg6 28. gxf4 Rc4 29. Kf3 Rxc1 30. Rxc1 Rh8 31. Rg1+ Kh7 32. Rh1+ Kg7 33. Rxh8 Kxh8 34. Be1 Kg7 35. Bf2 Kg6 36. Nc1 Bf8 37. Ne2 Be7 38. Nc3 f6 39. Na4 Bd8 40. Nc3 Be7 41. Na4 b5 42. Nc3 b4 43. axb4 Bxb4 44. Nb5 Ba5 45. Kg4 Bb6 46. Kf3 Kf7 47. Kg4 Kg6 48. Kf3 Kf7 49. Kg4 Kg6 50. Kf3 1-0

[Event "European Blitz-ch 2018"]
[Site "Skopje"]
[Date "2018.12.06"]
[Round "3"]
[White "Jusic, Zdenko"]
[Black "Dvirnyy, Danyyil"]
[Result "0-1"]
[WhiteElo "2259"]
[BlackElo "2485"]
[Annotator "TA"]
[PlyCount "90"]
[EventDate "2018.12.06"]
[EventType "swiss"]
[EventCountry "MKD"]
[SourceTitle "playchess.com"]
[Source "ChessBase"]
[SourceQuality "1"]

1. e4 c6 2. d3 d5 3. Nd2 g6 4. f4 Bg7 5. Ngf3 Qb6 6. Qe2 Nh6 7. c3 O-O 8. g3 dxe4 9. dxe4 Nd7 10. Nc4 Qc7 11. Ne3 Nc5 12. e5 Nf5 13. Nd4 Nxd4 14. cxd4 Ne6 15. Qc4 Rd8 16. Nc2 Qb6 17. Be3 Qxb2 18. Bg2 Nc7 19. O-O Be6 20. Qd3 Bf5 21. Be4 Bxe4 22. Qxe4 Qc3 23. f5 Qc4 24. e6 gxf5 25. exf7+ Qxf7 26. Rxf5 Qe6 27. Qf4 Nd5 28. Qg4 Qxe3+ 29. Nxe3 Nxe3 30. Rf8+ Kxf8 31. Qf4+ Kg8 32. Re1 Nd5 33. Qg4 Rd6 34. Re6 Rad8 35. Rxd6 Rxd6 36. Qc8+ Kf7 37. Qxb7 Bxd4+ 38. Kg2 Bb6 39. Qc8 Nf6 40. a4 h5 41. h3 Rd2+ 42. Kf3 Rd3+ 43. Kg2 Rd4 44. Qxc6 Rd2+ 45. Kf3 Rf2# 0-1